Quiz Département Provence Alpes Côte d'Azur - Statistiques

Statistiques générales
  • Ce quiz a été pris 76 fois
  • Le résultat moyen est 4 sur 6
Statistiques - réponses
Question Réponse % Correct
Parc a thème Marin situé a Antibes dans les Alpes-Maritimes Marineland
86%
Citadelle dans les Alpes-de-Haute-Provence Citadelle Vauban
71%
Résidence d'État situé dans le Var Fort de Brégançon
71%
Série Télé se passant dans les Bouches-du-Rhône du 30 Âout 2004 au 18 Novembre 2022 Plus Belle la Vie
71%
Que Trouve t'on dans les communes de Orange et Vaison-la-Romaine dans le Vaucluse Théatres Antiques
57%
Station de Ski dans les Hautes-Alpes Ancelle
29%
Aucun quiz correspondant
Distribution des résultats
% des personnes avec chaque résultat
Percentile par nombre de réponses
Votre historique - résultats
Vous n’avez pas pris ce quiz